| 000 | 01137nac a22002171u 4500 | ||
|---|---|---|---|
| 010 | _a65029803 | ||
| 082 | 0 | 0 |
_a291.13 _bS4435 |
| 090 |
_c1804 _d1804 |
||
| 100 | _aSebeok, Thomas A. | ||
| 245 | 1 | 0 |
_aMyth: a symposium. _cEdited by Thomas A. Sebeok. |
| 260 |
_aBloomington, _bIndiana University Press _c[1965] |
||
| 300 |
_a180 p. _billus. _c21 cm. |
||
| 490 | 0 | _aA Midland book, MB83 | |
| 500 | _aIncludes bibliographies. | ||
| 500 | _aDonations | ||
| 500 | _aDonations - Dr. Mostafa Gouda | ||
| 505 | 0 | _aMyth, symbolism, and truth, by D. Bidney.--The eclipse of solar mythology, by R.M. Dorson.--Myth, metaphor, and simile, by R. Th. Christiansen.--The structural study of myth, by C. LeÌ?vi-Strauss.--The personal use of myth in dreams, by D. Eggan.--Myth and ritual, by Lord Ragian.--The ritual view of myth and the mythic, by S. E. Hyman.-The semantic approach to myth, by P. Wheelwright.--Myth and folktales, by S. Thompson. | |
| 650 | 0 | _aMythology. | |
| 942 |
_cBB _k291.13S4435 |
||
| 999 |
_c1804 _d1804 |
||